000 00458cam a2200181ua 4500
020 _a0 13 449174 2
041 _aeng
_h
082 _a631.4
_bSIN/SO
100 _aSinger, Michael J .
245 _aSoils an introduction /
_cMichael J Singer.
_hTextual Documents
250 _a3 /
_b.
260 _aLondon :
_bPrentice Hall Inc ,
_c1996.
300 _a480 ; .
504 _a
700 1 _aMunns, Donald N .
942 _cBK
999 _c9066
_d9066